<?xml version="1.0" encoding="UTF-8"?>
<record
    xmlns:xsi="http://www.w3.org/2001/XMLSchema-instance"
    xsi:schemaLocation="http://www.loc.gov/MARC21/slim http://www.loc.gov/standards/marcxml/schema/MARC21slim.xsd"
    xmlns="http://www.loc.gov/MARC21/slim">

  <leader>02131cam a22004574i 4500</leader>
  <controlfield tag="003">PE-LiUPU</controlfield>
  <controlfield tag="005">20250731172910.0</controlfield>
  <controlfield tag="008">150617s                r     000 0     d</controlfield>
  <datafield tag="020" ind1=" " ind2=" ">
    <subfield code="a">0802475000</subfield>
  </datafield>
  <datafield tag="035" ind1=" " ind2=" ">
    <subfield code="a">(Sirsi) i9780802475008</subfield>
  </datafield>
  <datafield tag="040" ind1=" " ind2=" ">
    <subfield code="a">PE-LiUPU</subfield>
    <subfield code="b">spa</subfield>
    <subfield code="c">PE-LiUPU</subfield>
    <subfield code="e">rda</subfield>
  </datafield>
  <datafield tag="049" ind1=" " ind2=" ">
    <subfield code="a">PRUA</subfield>
  </datafield>
  <datafield tag="082" ind1="0" ind2="4">
    <subfield code="a">242.2</subfield>
    <subfield code="b">L75</subfield>
    <subfield code="2">21</subfield>
  </datafield>
  <datafield tag="100" ind1="1" ind2=" ">
    <subfield code="a">Lockerbie, Jeanette,</subfield>
    <subfield code="e">autor.</subfield>
  </datafield>
  <datafield tag="245" ind1="1" ind2="0">
    <subfield code="a">Salt in my kitchen /</subfield>
    <subfield code="c">Jeanette Lockerbie.</subfield>
  </datafield>
  <datafield tag="264" ind1=" " ind2="1">
    <subfield code="a">Chicago :</subfield>
    <subfield code="b">Moody Press,</subfield>
    <subfield code="c">1967.</subfield>
  </datafield>
  <datafield tag="300" ind1=" " ind2=" ">
    <subfield code="a">128 p&#xE1;ginas ;</subfield>
    <subfield code="c">15 cent&#xED;metros</subfield>
  </datafield>
  <datafield tag="336" ind1=" " ind2=" ">
    <subfield code="a">text</subfield>
    <subfield code="2">rdacontent</subfield>
  </datafield>
  <datafield tag="337" ind1=" " ind2=" ">
    <subfield code="a">unmediated</subfield>
    <subfield code="2">rdamedia</subfield>
  </datafield>
  <datafield tag="338" ind1=" " ind2=" ">
    <subfield code="a">volume</subfield>
    <subfield code="2">rdacarrier</subfield>
  </datafield>
  <datafield tag="505" ind1="0" ind2=" ">
    <subfield code="a">Salt in my kitchen. -Shiny-eyed bride. -Better than a tranquilizer. -The early bird, -The maker of all. -Against a rainy day. -Sand, stars and promises. -Step right up!. -Shut the door. -When God is slow. -No inferiority complex. -Spock style. -Stoop Labor. -Love thyself. -The woman God calls great. -The trial of your faith. -The rigth to be angry. -The twenty-four-hour virus. -Healthy fear. -Heart line to heaven. -A partner with god. -All the forms of love. -Sunday dinner. -Not another brand!. -No fair-weather friend. -Faith plants a promise. -Something to do. -Pattern alteration. -Can you classify yourself?. -Where do sins go?. -Little pitchers. -Fair evaluation. -God's ceramics. -My mother's prayer. -The burned toast. -A great calm. -Instant bread.</subfield>
  </datafield>
  <datafield tag="526" ind1=" " ind2=" ">
    <subfield code="a">SEG42</subfield>
  </datafield>
  <datafield tag="526" ind1=" " ind2=" ">
    <subfield code="a">SEG41</subfield>
  </datafield>
  <datafield tag="526" ind1=" " ind2=" ">
    <subfield code="a">SEG40</subfield>
  </datafield>
  <datafield tag="526" ind1=" " ind2=" ">
    <subfield code="a">SEG39</subfield>
  </datafield>
  <datafield tag="526" ind1=" " ind2=" ">
    <subfield code="a">P94</subfield>
  </datafield>
  <datafield tag="526" ind1=" " ind2=" ">
    <subfield code="a">P87</subfield>
  </datafield>
  <datafield tag="526" ind1=" " ind2=" ">
    <subfield code="a">P86</subfield>
  </datafield>
  <datafield tag="526" ind1=" " ind2=" ">
    <subfield code="a">P85</subfield>
  </datafield>
  <datafield tag="526" ind1=" " ind2=" ">
    <subfield code="a">P77</subfield>
  </datafield>
  <datafield tag="526" ind1=" " ind2=" ">
    <subfield code="a">P76</subfield>
  </datafield>
  <datafield tag="526" ind1=" " ind2=" ">
    <subfield code="a">P35</subfield>
  </datafield>
  <datafield tag="650" ind1="0" ind2="4">
    <subfield code="a">Lecturas devocionales.</subfield>
  </datafield>
  <datafield tag="910" ind1=" " ind2=" ">
    <subfield code="a">jck</subfield>
    <subfield code="b">jvq</subfield>
    <subfield code="c">jck</subfield>
    <subfield code="d">20150616</subfield>
  </datafield>
  <datafield tag="942" ind1=" " ind2=" ">
    <subfield code="2">ddc</subfield>
    <subfield code="c">BOOK</subfield>
  </datafield>
  <datafield tag="949" ind1=" " ind2=" ">
    <subfield code="a">242.2 L75</subfield>
    <subfield code="w">DEWEY</subfield>
    <subfield code="c">1</subfield>
    <subfield code="i">41727</subfield>
    <subfield code="l">CCODEBUL1</subfield>
    <subfield code="m">BUL</subfield>
    <subfield code="r">0</subfield>
    <subfield code="s">Y</subfield>
    <subfield code="t">BOOK</subfield>
    <subfield code="u">2015-6-17</subfield>
    <subfield code="x">TEOLOGIA</subfield>
    <subfield code="P">P35</subfield>
    <subfield code="0">COMPRA</subfield>
    <subfield code="o">.STAFF. Colecci&#xF3;n General</subfield>
  </datafield>
  <datafield tag="994" ind1=" " ind2=" ">
    <subfield code="a">C0</subfield>
    <subfield code="b">PEPRU</subfield>
  </datafield>
  <datafield tag="596" ind1=" " ind2=" ">
    <subfield code="a">1</subfield>
  </datafield>
  <datafield tag="999" ind1=" " ind2=" ">
    <subfield code="a">242.2 L75</subfield>
    <subfield code="w">DEWEY</subfield>
    <subfield code="c">16347</subfield>
    <subfield code="i">41727</subfield>
    <subfield code="f">2021-11-11</subfield>
    <subfield code="g">5</subfield>
    <subfield code="l">CCODEBUL1</subfield>
    <subfield code="m">BUL</subfield>
    <subfield code="r">0</subfield>
    <subfield code="s">Y</subfield>
    <subfield code="t">BOOK</subfield>
    <subfield code="u">2015-6-17</subfield>
    <subfield code="x">TEOLOGIA</subfield>
    <subfield code="P">P35</subfield>
    <subfield code="0">COMPRA</subfield>
    <subfield code="o">.STAFF. Colecci&#xF3;n General</subfield>
    <subfield code="d">16347</subfield>
  </datafield>
  <datafield tag="980" ind1=" " ind2=" ">
    <subfield code="8">1</subfield>
    <subfield code="g">ALBERTO SANCHEZ Responsable de Automatizaci&#xF3;n</subfield>
  </datafield>
  <datafield tag="952" ind1=" " ind2=" ">
    <subfield code="r">2025-12-03 00:00:00</subfield>
    <subfield code="i">6</subfield>
    <subfield code="l">0</subfield>
    <subfield code="o">242.2 L75</subfield>
    <subfield code="p">41727</subfield>
    <subfield code="t">e1</subfield>
    <subfield code="w">2015-06-17</subfield>
    <subfield code="x">FT</subfield>
    <subfield code="y">BK</subfield>
    <subfield code="z">inventario-2023-12-13</subfield>
    <subfield code="1">0</subfield>
    <subfield code="2">ddc</subfield>
    <subfield code="5">0</subfield>
    <subfield code="7">0</subfield>
    <subfield code="8">GEN</subfield>
    <subfield code="f">P35</subfield>
    <subfield code="a">BUL</subfield>
    <subfield code="b">BUL</subfield>
    <subfield code="c">GEN</subfield>
    <subfield code="d">2015-06-17</subfield>
    <subfield code="e">COMPRA</subfield>
  </datafield>
</record>
